000 00754nam a2200289Ia 4500
005 20260324123530.0
008 008 260324s9999 xx 000 0 eng d
020 _a9781315597423
037 _aEBOOK
040 _aCRL
040 _beng
040 _cCRL
041 _2eng
041 _aeng
084 _qCRL
100 _aLinda E. Connors; Mary Lu MacDonald
_91170664
245 0 _aNational Identity in Great Britain and British North America, 1815-1851
245 4 _bThe Role of Nineteenth-Century Periodicals
260 _bTaylor and Francis
260 _c2011
365 _a
365 _b240
856 _uhttp://www.taylorfrancis.com/books/9781315597423
942 _cEBOOK
999 _c1764270
_d1764270